00189nam a2200073Ia 4500008004100000100002500041245002400066260002500090170620s9999 xx 000 0 und d aHAZARIKA PADMALOCHAN 0aBUSINESS STATISTICS bN-DELHI SULTAN CHAND